| 000 | 00695nam a2200253Ia 4500 | ||
|---|---|---|---|
| 003 | OSt | ||
| 005 | 20220928115058.0 | ||
| 006 | a|||||r|||| 00| 0 | ||
| 007 | ta | ||
| 008 | 220927b |||||||| |||| 00| 0 eng d | ||
| 020 | _c4262.6684999999998 | ||
| 024 | _a114771 | ||
| 037 |
_b115, 25/01/2012, Aviva Books Company _cTextual |
||
| 040 |
_aSDCL _cSDCL _beng |
||
| 041 |
_2eng _aeng |
||
| 082 | _aB38, Q1 | ||
| 100 |
_aAlpay Daniel _9442968 |
||
| 245 | 0 |
_aComplex analysis _b Problem book. |
|
| 260 | _c2011 | ||
| 300 |
_ax,526p _ccm. |
||
| 650 | _aMathematics | ||
| 942 |
_hB38, Q1 _cTEXL _2CC |
||
| 999 |
_c758140 _d758140 |
||